Central Library OPAC University of Rajshahi

Studies in urban public sector / (Record no. 34625)

MARC details
000 -LEADER
fixed length control field 00839nam a2200265 a 4500
001 - CONTROL NUMBER
control field 34625
003 - CONTROL NUMBER IDENTIFIER
rucl marc code BD-RjUL
005 - DATE AND TIME OF LATEST TRANSACTION
control field 20211209052204.0
008 - FIXED-LENGTH DATA ELEMENTS--GENERAL INFORMATION
fixed length control field 140518s1985 ii ab b 001 0 eng d
035 ## - SYSTEM CONTROL NUMBER
System control number (BD-RjUL)34719
040 ## - CATALOGING SOURCE
Original cataloging agency DLC
Transcribing agency DLC
Modifying agency BD-RjUL
Language of cataloging eng
041 ## - LANGUAGE CODE
Language code of text/sound track or separate title eng
082 00 - DEWEY DECIMAL CLASSIFICATION NUMBER
Classification number 307.76095487
Edition number 19
Author mark and year RAS 1985
100 2# - MAIN ENTRY--PERSONAL NAME
Personal name Nageswara Rao, M.
9 (RLIN) 105334
245 10 - TITLE STATEMENT
Title Studies in urban public sector /
Statement of responsibility, etc. M. Nageswara Rao.
260 ## - PUBLICATION, DISTRIBUTION, ETC. (IMPRINT)
Place of publication, distribution, etc. New Delhi :
Name of publisher, distributor, etc. Ashish,
Date of publication, distribution, etc. 1985.
300 ## - PHYSICAL DESCRIPTION
Pagination xvi, 236 p. :
Illustrations ill., maps ;
Size 23 cm.
504 ## - BIBLIOGRAPHY, ETC. NOTE
Bibliography, etc Includes bibliographical references and index.
650 #0 - SUBJECT ADDED ENTRY--TOPICAL TERM
Topical term or geographic name as entry element Urban policy
Geographic subdivision India
-- Karnataka.
9 (RLIN) 105335
Topical term or geographic name as entry element Municipal government
Geographic subdivision India
-- Karnataka.
9 (RLIN) 105336
Topical term or geographic name as entry element Urbanization
Geographic subdivision India
-- Karnataka.
9 (RLIN) 105337
942 ## - ADDED ENTRY ELEMENTS (KOHA)
Source of classification or shelving scheme Dewey Decimal Classification
Koha item type Books
Holdings
Lost status Source of classification or shelving scheme Damaged status Not for loan Collection code Permanent Location Current Location Shelving location Date acquired Source of acquisition Cost, normal purchase price Total Checkouts Full call number Date last seen Copy number Koha item type
  Dewey Decimal Classification   Not For Loan Non-fiction Central Library, University of Rajshahi Central Library, University of Rajshahi Reading Room 28/07/1986 Karim Int. 175.00   307.76095487 RAS 1985 18/05/2014 C-1 Books